Loading...
| Beliefs | 0 | 7 | 1 | 2 | 65 | 101 | 122.00 | 2 | 6 | 0.00 | 0.00 |
| 1 | 5 | 0 | 1 | 65 | 59 | 105.83 | 1 | 6 | 0.00 | 0.00 | |
| History - European | 1 | 4 | 1 | 0 | 50 | 61 | 108.60 | 4 | 5 | 0.00 | 0.00 |
| Fine Arts - Visual | 0 | 4 | 0 | 1 | 40 | 104 | 122.00 | 1 | 4 | 0.00 | 0.00 |
| Other Arts: Visual | 0 | 3 | 0 | 0 | 30 | 105 | 125.00 | 2 | 3 | 0.00 | 0.00 |
| Literature - European | 0 | 3 | 0 | 1 | 30 | 100 | 116.00 | 0 | 3 | 0.00 | 0.00 |
| Philosophy | 0 | 3 | 0 | 1 | 30 | 80 | 112.67 | 1 | 3 | 0.00 | 0.00 |
| Literature - American | 0 | 3 | 1 | 0 | 25 | 120 | 129.33 | 1 | 3 | 0.00 | 0.00 |
| History - World | 1 | 1 | 1 | 0 | 20 | 51 | 93.00 | 1 | 2 | 0.00 | 0.00 |
| Science - Biology | 0 | 2 | 0 | 0 | 20 | 107 | 111.50 | 2 | 2 | 0.00 | 0.00 |
| Literature - British | 0 | 2 | 0 | 0 | 20 | 128 | 131.50 | 1 | 2 | 0.00 | 0.00 |
| Current Events | 0 | 1 | 0 | 0 | 10 | 159 | 159.00 | 0 | 1 | 0.00 | 0.00 |
| Fine Arts - Auditory | 0 | 1 | 0 | 0 | 10 | 110 | 110.00 | 0 | 1 | 0.00 | 0.00 |
| History - American | 0 | 1 | 0 | 1 | 10 | 127 | 127.00 | 0 | 1 | 0.00 | 0.00 |
| Other Arts: Auditory | 0 | 1 | 0 | 1 | 10 | 133 | 133.00 | 0 | 1 | 0.00 | 0.00 |
| Other Science: Computer Science | 0 | 1 | 0 | 0 | 10 | 135 | 135.00 | 0 | 1 | 0.00 | 0.00 |
| Other Science: Earth Science | 0 | 1 | 0 | 0 | 10 | 135 | 135.00 | 0 | 1 | 0.00 | 0.00 |
| Science - Physics | 0 | 1 | 0 | 0 | 10 | 111 | 111.00 | 1 | 1 | 0.00 | 0.00 |
| Social Science | 0 | 2 | 2 | 0 | 10 | 86 | 103.00 | 2 | 2 | 0.00 | 0.00 |
| British and Commonwealth History | 0 | 0 | 0 | 0 | 0 | 0.00 | 0 | 0 | 0.00 | 0.00 | |
| Other Academic | 0 | 0 | 1 | 0 | -5 | 0.00 | 0 | 0 | 0.00 | 0.00 | |
| World and Other Literature | 0 | 0 | 1 | 0 | -5 | 0.00 | 0 | 0 | 0.00 | 0.00 |